Les constellations portant des noms d'animaux - Statistiques

Statistiques générales
  • Ce quiz a été pris 120 fois
  • Le résultat moyen est 8 sur 12
Statistiques - réponses
Lettre Animal / Animaux % Correct
C Caméléon | Chiens de chasse | Colombe | Corbeau | Cygne | Chien | Cheval
94%
L Lézard | Lièvre | Lion | Loup | Lynx
94%
S Scorpion | Serpent
82%
B Baleine | Bélier
80%
G Girafe | Grand chien | Grande ourse | Grue
77%
P Paon | Petit cheval | Petit chien | Petit lion | Petite ourse | Petit renard | Poissons | Poissons volants
72%
T Taureau | Toucan
72%
A Aigle
64%
R Renard
64%
D Dauphin | Dorade
57%
O Oiseau du paradis | Ourse
56%
M Mouche
37%
Aucun quiz correspondant
Distribution des résultats
% des personnes avec chaque résultat
Percentile par nombre de réponses
Votre historique - résultats
Vous n’avez pas pris ce quiz